Aktuálne ekonomicko–finančné otázky vybranej mimovládnej organizácie národného charakteru diplomová práca

Salvato in:
Dettagli Bibliografici
Autore principale: Kuviková, Marcela
Ente Autore: Národohospodárska fakulta EU. Katedra financií
Altri autori: Beličková, Kornélia, 1966-
Natura: Libro
Lingua:slovacco
Pubblicazione: Bratislava 2014
Tags: Aggiungi Tag
Nessun Tag, puoi essere il primo ad aggiungerne!!

MARC

LEADER 00000nbm a2200000 4500
001 0187538
005 20170201090118.3
041 0 |a slo 
044 |a SK 
245 1 0 |a Aktuálne ekonomicko–finančné otázky vybranej mimovládnej organizácie národného charakteru  |b diplomová práca  |c Marcela Kuviková ; školiteľ: Kornélia Beličková 
264 1 |a Bratislava  |c 2014 
300 |a 84 s. 
100 1 |a Kuviková, Marcela 
700 1 |a Beličková, Kornélia, 1966- 
710 2 |a Národohospodárska fakulta EU. Katedra financií